2019 quiz - Statistics

General Stats
  • This quiz has been taken 12 times
  • The average score is 6 of 15
Answer Stats
Hint Answer % Correct
Country, Which started the operation "brexit"Where they planned to leave European Union United kingdom
100%
USA and this Country had a trade war China
80%
Iran shooted a drone, the drone was sendedBy this country United states of america
60%
Jungle, where there was a fire, bigger than usually Amazon
50%
Oil ships, that carry the most oil, got attackedIn this Country Iran
50%
Country, Which arrested lot of muslims India
40%
Donald trump, became the firstPresident of USA. To go to this country North korea
40%
What about in south america?☝️☝️☝️ Bolivia
30%
USA had supported Kurds, then they stopped at 2019 Where is it located? Which country? Syria
30%
Juan Quiado became president of this country Venezuela
30%
Most protest in 2019,where in this city Hong Kong
20%
People from this country tried to get to USABut father and son drowned, while smimming to USA El Salvador
10%
The fire, burned more than the Size of this US State New Jersey
10%
Only country in North america, where there wereDemonstrations about Authoritaritarianism Nicaragua
10%
Donald trump called this president Volodymyr Zelensky
10%
No matching quizzes found
Score Distribution
Percent of People with Each Score
Percentile by Number Answered
Your Score History
You have not taken this quiz